Naruto - Ninjas décédés - Statistics

General Stats
  • This quiz has been taken 346 times
    345 since last reset
  • The average score is 16 of 35
Answer Stats
Village Ninja % Correct
Akatsuki Itachi
86%
Akatsuki Deidara
76%
Akatsuki Kisame
72%
Akatsuki Nagato
72%
Akatsuki Sasori
72%
Akatsuki Konan
71%
Akatsuki Kakuzu
70%
Akatsuki Obito
70%
Konoha Neji
64%
Konoha Asuma
62%
Akatsuki Madara
62%
Kiri Zabuza
60%
Konoha Hiruzen
58%
Kiri Haku
57%
Akatsuki Zetsu
55%
Konoha Jiraiya
45%
Suna Chiyo
44%
Suna Gaara
39%
Taki
36%
Konoha
36%
Oto Kimimaro
36%
Konoha Danzo
33%
Konoha Shikaku
33%
Oto Tayuya
33%
Oto Jirobo
31%
Konoha Kakashi
31%
Oto Sakon
31%
Konoha Inoichi
29%
Konoha Hayate
27%
Oto Kidomaru
27%
Kumo Yugito
21%
Kiri Ao
19%
Iwa Roshi
19%
Konoha Torune
12%
Konoha Chizune
2%
No matching quizzes found
Score Distribution
Percent of People with Each Score
Percentile by Number Answered
Your Score History
You have not taken this quiz since the last reset